Where do they come from? - Manchester United 22/23 - Statistics

General Stats
  • This quiz has been taken 129 times
  • The average score is 18 of 23
Answer Stats
# Player Signed from Year % Correct
18 Casemiro Real Madrid 2022
96%
19 Raphaël Varane Real Madrid 2021
96%
6 Lisandro Martínez Ajax 2022
95%
21 Antony Ajax 2022
95%
34 Doony van de Beek Ajax 2020
95%
5 Harry Maguire Leicester City 2019
95%
8 Bruno Fernandes Sporting Lisbon 2020
93%
25 Jadon Sancho Borussia Dortmund 2021
92%
1 David De Gea Atlético Madrid 2011
90%
14 Christian Eriksen Brentford 2022
85%
15 Marcel Sabitzer Bayern Munich 2023
83%
9 Anthony Martial AS Monaco 2015
82%
29 Aaron Wan-Bissaka Crystal Palace 2019
81%
31 Jack Butland Crystal Palace 2023
81%
20 Diogo Dalot FC Porto 2018
78%
2 Victor Lindelöf Benfica 2017
77%
23 Luke Shaw Southampton 2014
76%
27 Wout Weghorst Burnley 2023
75%
12 Tyrell Malacia Feyenoord 2022
64%
17 Fred Shakhtar Donetsk 2018
52%
4 Phil Jones Blackburn Rovers 2011
51%
22 Tom Heaton Aston Villa 2021
42%
28 Facundo Pellistri CA Peñarol 2020
19%
No matching quizzes found
Score Distribution
Percent of People with Each Score
Percentile by Number Answered
Your Score History
You have not taken this quiz